Uusi Päivä - kenen lause #3 - Statistics

Yleistilastot
  • Tätä visaa on pelattu 32 kertaa
  • Keskiarvotulos 12 / 19
Vastaustilastot
Hint Vastaus % Oikein
"Sä oot hommannu meille valvojan jostain körttipitäjästä viime vuosisadalta!" Emmi Lukkari
93%
"Huopatossut jalassa se aikoo elämänsä tästä eteenpäin tampata" Otso Karhu
93%
"Armaallani on retriitti, tämä oli viimeinen niitti, nyt minulle riitti, sanon vaan että kiitti" Asko Haavisto
86%
"Otso tuo keltasta! Lisää keltasta!" Pentti Ruuskanen
86%
"Tää on situation de la patti" Lauri Kallio
83%
"Otso on herkkusieni" Tero Kuusla
83%
"Olkoon vaikka paavin makkari!" Tomi Karhu
79%
"Vihreät matot kuulostaa ihan joltain ekologiselta pesulalta!" Cicca Kallas
76%
"Teillähän on se vankka skinkatradition" Aino Haavisto
72%
"Semmosta se on" Siiri
72%
"Jos mä tästä vielä rentoudun niin mikä musta tulee, kastemato?" Marika Ruuskanen-Kuusla
66%
"Positiivinen on asenteeni mun, kun hymyillen juoksen kanssasi sun" Saku Rainio
66%
"Suu kiinni ja ole kaunis" Elina Haavisto
62%
"Vitsi toi Krista on kiva" Terhi Sillanpää
52%
"Mä oon paisti ja mä tunnen paistin tunteita" Pyry Helminen
48%
"Tupeella tuska peittoon" Sakari Määttä
45%
"Mun Kauhavan isotäti sanoo että ei tupata jos ei tykätä" Sara Erkkilä
34%
"Tää palo kun soihtu hyvä ettei koko koulu palanut!" Kukko Koistinen
31%
"Ota kaikki aika maailmassa" Petra Kaakko
21%
Ehtoja vastaavia visoja ei löytynyt
Tulosjakauma
Jokaisen tuloksen saaneiden osuus
Persentiili vastausten määrän mukaan
Tuloshistoriasi
Et ole pelannut tätä visaa